The charterhouse of Parma

Gespeichert in:
Bibliographische Detailangaben
1. Verfasser: Stendhal
Format: Buch
Sprache:Undetermined
Veröffentlicht: New York, Estados Unidos A Signet Classic 1962
Schlagworte:
Tags: Tag hinzufügen
Keine Tags, Fügen Sie den ersten Tag hinzu!

MARC

LEADER 00000nam a2200000Ia 4500
008 170316s9999 xx 000 0 und d
040 |a cru BVZT 
090 |a 840 S-20c 
100 |a Stendhal  |9 1083 
245 4 |a The charterhouse of Parma 
260 |a New York, Estados Unidos 
260 |b A Signet Classic 
260 |c 1962 
300 |a 502 páginas 
650 |a LITERATURA FRANCESA  |9 109 
999 |c 7992  |d 7992 
942 |c 15 D  |h 840 S-20c  |2 z